000 00426nam a22001217a 4500
008 230605b xxu||||| |||| 00| 0 eng d
082 _a321.8043
_bCPA
245 _aPromoting Parliamentary Democracy
_cCommonwealth Parliamentary Association.
260 _aLondon
_bCommon wealth Parliamentary Association
_c2007
300 _a16 p
710 _bCommon Wealth Parliamentary Association
_cLondon, United Kingdom
_d2007
942 _2ddc
_cBK
999 _c231
_d231